000 00938nam a2200253 i 4500
001 bg
245 0 0 _aSłownik biograficzny techników polskich.
_nT. 15 /
_c[red. nauk. Józef Piłatowicz] ; Federacja Stowarzyszeń Naukowo-Technicznych.
260 _aWarszawa :
_bFSN-T,
_c2004.
300 _a214 s. ;
_c24 cm.
504 _aBibliogr. przy hasłach. Indeks.
650 9 _aInżynierowie
_xbiografie
_zPolska
_y19-20 w.
650 9 _aPracownicy naukowi
_xbiografie
_zPolska
_y19-20 w.
700 1 _aPIŁATOWICZ, Józef.
_eRed.
020 _a8385001378 (t.15)
020 _a8385001328 (całość)
040 _cBPK
041 0 _apol
080 _a62:378.12:929-052](438)"18/19"
920 _a83-85001-37-8 (t.15)
920 _a83-85001-32-8 (całość)
942 _cKS
008 s pl f |000 0 pol
999 _c45211
_d45211
856 _uhttp://koha.tu.koszalin.pl/cgi-bin/koha/opac-detail.pl?biblionumber=45211
_yKatalog online BPK